000 00584nam a22002177a 4500
005 20230929142545.0
008 230816b |||||||| |||| 00| 0 eng d
020 _a9789350024706
_cRs.495.00
040 _aLoreto college
041 _aEnglish
082 _a940.1
_bCHI
100 _aChilde, V Gordon
245 _aThe dawn of European civilization
_bV Gordon Childe
260 _aDelhi
_bAakar books
_c2017
300 _a362p.
_b22cm.
504 _aIncludes maps and index
650 _aHistory,ancient
_yEurope
651 _aEurope - History
850 _aLCLIB
942 _cBK
999 _c43453
_d93932